|
003 -Nazwa inst., której nr kontr. jest w polu 001 [,]
|
-
- @
- Nazwa instytucji, której n kontrolny jest w polu 001
- NUKAT
|
|
005 -DATA I CZAS OSTATNIEJ MODYFIKACJI [,]
|
-
- @
- pole kontrolne
- 20241231085842.0
|
|
020 -Międzynarod. znormalizowany nr książki - ISBN [ , ]
|
-
- a
- Numer ISBN
- 0194316513
-
- q
- Dopowiedzenie
- hardback/CD pack
|
|
020 -Międzynarod. znormalizowany nr książki - ISBN [ , ]
|
-
- a
- Numer ISBN
- 0194316491
-
- q
- Dopowiedzenie
- paperback/CD pack
|
|
020 -Międzynarod. znormalizowany nr książki - ISBN [ , ]
|
-
- a
- Numer ISBN
- 0194316505
-
|
|
020 -Międzynarod. znormalizowany nr książki - ISBN [ , ]
|
-
- a
- Numer ISBN
- 0194001067
-
- q
- Dopowiedzenie
- US binding paperback/CD pack
|
|
020 -Międzynarod. znormalizowany nr książki - ISBN [ , ]
|
-
- a
- Numer ISBN
- 0194001016
-
- q
- Dopowiedzenie
- US binding hardback
|
|
020 -Międzynarod. znormalizowany nr książki - ISBN [ , ]
|
-
- a
- Numer ISBN
- 0194001024
-
- q
- Dopowiedzenie
- US binding paperback
|
|
020 -Międzynarod. znormalizowany nr książki - ISBN [ , ]
|
-
- a
- Numer ISBN
- 0194316068
-
- q
- Dopowiedzenie
- paperback
|
|
020 -Międzynarod. znormalizowany nr książki - ISBN [ , ]
|
-
- a
- Numer ISBN
- 9780194316491
-
- q
- Dopowiedzenie
- paperback/CD pack
|
|
020 -Międzynarod. znormalizowany nr książki - ISBN [ , ]
|
-
- a
- Numer ISBN
- 9780194316507
-
|
|
020 -Międzynarod. znormalizowany nr książki - ISBN [ , ]
|
-
- a
- Numer ISBN
- 9780194316064
-
- q
- Dopowiedzenie
- paperback
|
|
020 -Międzynarod. znormalizowany nr książki - ISBN [ , ]
|
-
- a
- Numer ISBN
- 9780194316514
-
- q
- Dopowiedzenie
- hardback/CD pack
|
|
020 -Międzynarod. znormalizowany nr książki - ISBN [ , ]
|
-
- a
- Numer ISBN
- 9780194001069
-
- q
- Dopowiedzenie
- US binding paperback/CD pack
|
|
020 -Międzynarod. znormalizowany nr książki - ISBN [ , ]
|
-
- a
- Numer ISBN
- 9780194001014
-
- q
- Dopowiedzenie
- US binding hardback
|
|
020 -Międzynarod. znormalizowany nr książki - ISBN [ , ]
|
-
- a
- Numer ISBN
- 9780194001021
-
- q
- Dopowiedzenie
- US binding paperback
|
|
040 -Instytucja sporządzająca opis [ , ]
|
-
- a
- Instytucja, która sporządziła opis (NP)
- POZN U/LNBR
-
- c
- Instytucja, która sporządziła rekord (NP)
- POZN U/DWs
|
|
942 -Rodzaj dokumentu [ , ]
|
-
- c
- Rodzaj dokumentu
- Książka
|
|
300 -Strefa opisu fizycznego [ , ]
|
-
- a
- Określenie formy książki i/lub objętość (NP)
- XII, 1780, 119 s., [8] s. tabl. kolor :
-
- b
- Oznaczenie ilustracji (NP)
- il. (w tym kolor.) ;
-
-
- e
- Oznaczenie dokumentu towarzyszącego (NP)
- CD-ROM.
|
|
336 -Typ zawartości [ , ]
|
-
- a
- Termin opisujący typ zawartości
- Tekst
-
- b
- Kod określający zawartość
- txt
-
- 2
- Źródło (terminu i kodu)
- rdacontent
|
|
337 -Typ mediów [ , ]
|
-
- a
- Tryb odtwarzania
- Komputer
-
-
- 2
- Źródło (terminu i kodu)
- rdamedia
|
|
337 -Typ mediów [ , ]
|
-
- a
- Tryb odtwarzania
- Bez urządzenia pośredniczącego
-
-
- 2
- Źródło (terminu i kodu)
- rdamedia
|
|
338 -Typ/rodzaj nośnika [ , ]
|
-
- a
- Hasło opisujące typ nośnika
- Wolumin
-
-
- 2
- Źródło (terminu i kodu)
- rdacarrier
|
|
338 -Typ/rodzaj nośnika [ , ]
|
-
- a
- Hasło opisujące typ nośnika
- Dysk komputerowy
-
-
- 2
- Źródło (terminu i kodu)
- rdacarrier
|
|
920 -ISBN [ , ]
|
-
- a
- ISBN
- 0-19-431651-3
-
- q
- Dopowiedzenie
- hardback/CD pack
|
|
920 -ISBN [ , ]
|
-
- a
- ISBN
- 0-19-431649-1
-
- q
- Dopowiedzenie
- paperback/CD pack
|
|
920 -ISBN [ , ]
|
-
- a
- ISBN
- 0-19-431650-5
-
|
|
920 -ISBN [ , ]
|
-
- a
- ISBN
- 0-19-400106-7
-
- q
- Dopowiedzenie
- US binding paperback/CD pack
|
|
920 -ISBN [ , ]
|
-
- a
- ISBN
- 978-0-19-400106-9
-
- q
- Dopowiedzenie
- US binding paperback/CD pack
|
|
920 -ISBN [ , ]
|
-
- a
- ISBN
- 0-19-400102-4
-
- q
- Dopowiedzenie
- US binding paperback
|
|
920 -ISBN [ , ]
|
-
- a
- ISBN
- 0-19-400101-6
-
- q
- Dopowiedzenie
- US binding hardback
|
|
920 -ISBN [ , ]
|
-
- a
- ISBN
- 978-0-19-431649-1
-
- q
- Dopowiedzenie
- paperback/CD pack
|
|
920 -ISBN [ , ]
|
-
- a
- ISBN
- 978-0-19-431650-7
-
|
|
920 -ISBN [ , ]
|
-
- a
- ISBN
- 978-0-19-431606-4
-
- q
- Dopowiedzenie
- paperback
|
|
920 -ISBN [ , ]
|
-
- a
- ISBN
- 978-0-19-431651-4
-
- q
- Dopowiedzenie
- hardback/CD pack
|
|
920 -ISBN [ , ]
|
-
- a
- ISBN
- 0-19-431606-8
-
- q
- Dopowiedzenie
- paperback
|
|
920 -ISBN [ , ]
|
-
- a
- ISBN
- 978-0-19-400101-4
-
- q
- Dopowiedzenie
- US binding hardback
|
|
920 -ISBN [ , ]
|
-
- a
- ISBN
- 978-0-19-400102-1
-
- q
- Dopowiedzenie
- US binding paperback
|